ORGANIC SPECTROSCOPY (Record no. 7486)

MARC details
000 -LEADER
fixed length control field 00456nam a22001817a 4500
005 - DATE AND TIME OF LATEST TRANSACTION
control field 20230118105225.0
008 - FIXED-LENGTH DATA ELEMENTS--GENERAL INFORMATION
fixed length control field 210301b ||||| |||| 00| 0 eng d
020 ## - INTERNATIONAL STANDARD BOOK NUMBER
ISBN 9781403906847
041 ## - LANGUAGE CODE
Language code of text/sound track or separate title eng
082 ## - DEWEY DECIMAL CLASSIFICATION NUMBER
Classification number 547.3 KEM-O
100 ## - MAIN ENTRY--AUTHOR NAME
Personal name KEMP, WILLIAM
245 ## - TITLE STATEMENT
Title ORGANIC SPECTROSCOPY
250 ## - EDITION STATEMENT
Edition statement 3'RD
260 ## - PUBLICATION, DISTRIBUTION, ETC. (IMPRINT)
Place of publication NEW DELHI
Name of publisher NEW AGE INTERNATIONAL PUBLISHER'S
Year of publication 2016
300 ## - PHYSICAL DESCRIPTION
Number of Pages 393,P
650 ## - SUBJECT ADDED ENTRY--TOPICAL TERM
Topical Term PHARMACY
General subdivision D.PHARMA
942 ## - ADDED ENTRY ELEMENTS (KOHA)
Koha item type Books
Holdings
Lost status Damaged status Collection code Home library Current library Shelving location Date acquired Source of acquisition Cost, normal purchase price Full call number Accession Number Koha item type
    Reference JRU Library   SHELF-5-D 01/03/2021 PERCHES- 11908/17-02-2021 525.00 547.3 KEM-O 25675 Books